| 000 | 00759nam a2200229Ia 4500 | ||
|---|---|---|---|
| 003 | OSt | ||
| 005 | 20260110085520.0 | ||
| 008 | 210716s2008 xx 000 0 und d | ||
| 020 | _a9780070223684 | ||
| 040 | _cAIMIT LIBRARY | ||
| 041 | _aeng | ||
| 082 |
_a006.42 _21 _bRUST |
||
| 100 |
_aRussell, Travis. _9250937 |
||
| 245 |
_aIp multimedia subsystem : _bsession control and other network operations / _cTravis Russell. |
||
| 250 | _a1st ed. | ||
| 260 |
_aNew Delhi : _bTata McGraw Hill Publishing Company Ltd , _c2008. |
||
| 300 |
_axvi,224p. ; _bPB _c24.5 cm |
||
| 650 |
_aMoving fromlegacy to convergence _9250938 |
||
| 650 |
_aAddressing in the IMS _9250939 |
||
| 650 |
_aSecurity procedures in the IMS _9250940 |
||
| 942 |
_2ddc _cBK _e1st _k006.42 RUST |
||
| 999 |
_c188459 _d188459 |
||